| 000 | 00647nam a2200217 a 4500 | ||
|---|---|---|---|
| 001 | 000039077 | ||
| 003 | DO-SdBNP | ||
| 005 | 20230215111900.0 | ||
| 007 | ta | ||
| 008 | 130520s2011 dr 000 0 spa d | ||
| 020 | _a9789993467632 | ||
| 040 |
_aDO-SdBNP _bspa _cBNPHU |
||
| 082 | 4 | _222 | |
| 100 | 1 |
_aColombo García, Ramón Emilio, _d1947- _970836 |
|
| 245 | 1 | 0 |
_aUn minuto / _cRamón Emilio Colombo. |
| 260 |
_aSanto Domingo : _bAmigo del Hogar, _c2011. |
||
| 300 |
_a506 p. : _bilustraciones ; _c23 cm. |
||
| 500 | _aIncluye datos biográficos del autor en la solapa de la cubierta | ||
| 590 | _aInventariado, 2023/BT | ||
| 942 |
_2ddc _cLBS1 |
||
| 999 |
_c38567 _d38567 |
||